| 000 | 00774nam a22002297a 4500 | ||
|---|---|---|---|
| 003 | OSt | ||
| 005 | 20250830032417.0 | ||
| 008 | 250830b |||||||| |||| 00| 0 eng d | ||
| 020 | _a13: 978-0-13-089337-6. | ||
| 040 |
_aDWCL-Admin lib _cOC |
||
| 082 | _aCirc. 610.737 F848c 2008 | ||
| 100 | _aFrazier, Margaret Schell | ||
| 245 |
_aClinical medical assisting : foundations and practice/ _cMargaret Schell Frazier |
||
| 260 |
_aN. J. : _bPearson/Prentice Hall, _cc2008. |
||
| 300 |
_axxviii, 742 p. : _b col. ill. ; _c28 cm. |
||
| 504 | _aIncludes index. | ||
| 650 | _a1. Clinical competence. | ||
| 650 | _a2. Medical assistants-Textbook. | ||
| 650 | _a3. Medical assistants-Textbook. | ||
| 650 | _a4. Physician assistants-Textbook. | ||
| 942 |
_2ddc _cBK-CIRC _kCirc. _n0 |
||
| 999 |
_c4407 _d4407 |
||